00313nam a2200121Ia 4500008004100000041000800041082001500049100002000064245004500084260004000129300001300169365000900182240624s9999 xx 000 0 und d aeng a332.84 CRA aCRAWFORD GEORGE aDERIVATIVES FOR DECISION MAKERS STRATEGI c1996aNew YorkbJohn Wiley and Sons a240 : p. cb27